000 00676nam a2200217Ii 4500
003 JO-AjNU
008 230606s9999||||xx |||||||||||||| ||und||
020 _a978-0-19-883871-5
040 _aJO-AjNU
_beng
_erda
_cJO-AjNU
041 _aeng
050 1 4 _aKD7863.99 .B58 2019
100 3 _aedited Dyson, Matthew ,
_eauthor
_96104
245 0 0 _aBlackstone's statutes on Criminal Law 2019-2020
250 _a29th ed
264 3 1 _aOxford: Oxford University Press, 2019
300 _a460p
336 _atext
_btxt
_2rdacontent
337 _aunmediated
_bn
_2rdamedia
338 _avolume
_bnc
_2rdacarrier
650 4 _aStrafrecht-Criminal law-England-Great Britain-Wales
_96105
999 _aE3169
_c3165
_d3165